Troung Xanh (Record no. 5081)
[ view plain ]
| 000 -LEADER | |
|---|---|
| fixed length control field | 00659nam a2200205 4500 |
| 001 - CONTROL NUMBER | |
| control field | 6012 |
| 005 - DATE AND TIME OF LATEST TRANSACTION | |
| control field | 20210216143359.0 |
| 008 - FIXED-LENGTH DATA ELEMENTS--GENERAL INFORMATION | |
| fixed length control field | 210216b ||||| |||| 00| 0 eng d |
| 100 00 - MAIN ENTRY--PERSONAL NAME | |
| Personal name | Powdyel, Thakur S. |
| 245 00 - TITLE STATEMENT | |
| Title | Troung Xanh |
| Statement of responsibility, etc. | Thakur S. Powdyel ; translated by Hong Kel. |
| 260 00 - PUBLICATION, DISTRIBUTION, ETC. | |
| Place of publication, distribution, etc. | Viet Nam : |
| Name of publisher, distributor, etc. | Dai Hoc Hoa Sen, |
| Date of publication, distribution, etc. | 2016. |
| 300 00 - PHYSICAL DESCRIPTION | |
| Extent | 121 p.: ill. |
| 500 00 - GENERAL NOTE | |
| General note | Translation of: My green school : An outline : Supporting the Educating for Gross National Happiness Initiative |
| 546 ## - LANGUAGE NOTE | |
| Language note | In Vietnamese. |
| 650 00 - SUBJECT ADDED ENTRY--TOPICAL TERM | |
| Topical term or geographic name entry element | Bhutan --Environment. |
| Topical term or geographic name entry element | Education. |
| Topical term or geographic name entry element | Health education |
| 942 ## - ADDED ENTRY ELEMENTS (KOHA) | |
| Source of classification or shelving scheme | Dewey Decimal Classification |
| Koha item type | Main |
| Withdrawn status | Lost status | Source of classification or shelving scheme | Damaged status | Not for loan | Collection code | Home library | Current library | Shelving location | Serial Enumeration / chronology | Inventory number | Total Checkouts | Full call number | Barcode | Date last seen | Price effective from | Koha item type |
|---|---|---|---|---|---|---|---|---|---|---|---|---|---|---|---|---|
| Dewey Decimal Classification | Main TEST | RTC Library | RTC Library | Main opac | 9531 | 378.54 POW | 30008342 | 27/11/2018 | 27/11/2018 | Main |